| 000 | 00000nam##2200000za#4500 |
| 001 | 9.579826 |
| 003 | CaOODSP |
| 005 | 20210624190740 |
| 007 | cr ||||||||||| |
| 008 | 150406|2001||||xxc|||||o f|0| 0 eng|d |
| 040 | |aCaOODSP|beng |
| 043 | |an-cn--- |
| 086 | 1 |aEn163-1/16E-PDF |
| 110 | 1 |aCanada. |bEnvironment Canada. |bOntario Region. |
| 245 | 10|aRisk assessment - exposure model, toxicity analysis and evaluation |h[electronic resource] |
| 260 | |aDownsview - Ontario : |bEnvironment Canada. |
| 300 | |a6p.|bfig., glossary, references |
| 490 | 1 |aTABs on contaminated sites |vTAB #16 |
| 590 | |a14-13-Supp|b2014-06-23 |
| 690 | 07|aPollution|2gcpds |
| 690 | 07|aRisk management|2gcpds |
| 775 | 08|tÉvaluation des risques - modèle d'exposition, analyse et évaluation de la toxicité |w(CaOODSP)9.607077 |
| 830 | #0|aTABs on contaminated sites ;|vTAB #16|w(CaOODSP)9.507838 |
| 856 | 40|ahttp://publications.gc.ca|qPDF|s144 KB|uhttps://publications.gc.ca/collections/collection_2014/ec/En163-1-16-eng.pdf|yTAB #16 |